00593nam a2200205 a 450000500170000000800410001704000250005804100080008304400070009108200180009810000140011624500890013026000300021930000110024965000220026065000280028265000320031065000300034270000150037220191224041558.0140226b1998 sp ||||gr|||| 00| 0 spa d aCO-BoIAVHcCO-BoIAVH aspa asp a344.046bP72l aPlaza, C. aComunidad europea y la protección del medio ambiente, Baeza 15-16 de Junio de 1998 aBaezabNo Importadoc1998 a100 p. aComunidad Europea aLegislación ambiental aParticipación comunitaria aConvenios internacionales aSomsen, H.